000 00664nam a22002177a 4500
003 UA-OsUOA
001 132154
007 ta
008 20180710b un ||||| |||| 00| 0 ukr d
100 _aМахсма М.
090 _a330(477)
_bМ36
942 _cSA
040 _aUA-OsUOA
_bukr
_cUA-OsUOA
_dUA-OsUOA
245 _aРегіональна диференціація рівня життя сільського населення України
300 _aС.3-12
955 _a0
041 _aukr
080 _a330(477)
773 0 _w132153
_tУкраїна: аспекти праці
_dК.
_d2018
_g2
650 7 _a330 Економіка взагалі
_2UDC
999 _c420665
_d420665